Biblioteca y Centro de Documentación

Inmigración en tiempos de crisis (Registro nro. 46251)

Detalles MARC
000 -CABECERA
Longitud fija campo de control 01016naa a2200265 c 4500
001 - NÚMERO DE CONTROL
Número de control 46251
003 - IDENTIFICADOR DE NÚMERO DE CONTROL
Identificador del número de control ES-MaCES
005 - FECHA Y HORA DE LA ÚLTIMA TRANSACCIÓN
Fecha y hora de la última transacción 20150827131134.0
008 - CAMPO FIJO DE DESCRIPCIÓN FIJA--INFORMACIÓN GENERAL
Códigos de información de longitud fija   150827s2015 sp ||||| t||||||| ||spa d
040 ## - FUENTE DE CATALOGACIÓN
Centro catalogador de origen ES-MaCES
Lengua de catalogación spa
Centro transcriptor ES-MaCES
Centro modificado ES-MaCES
100 1# - ENCABEZAMIENTO PRINCIPAL--NOMBRE PERSONAL
9 (RLIN) 16991
Nombre de persona López Sala, Ana
245 10 - MENCIÓN DE TÍTULO
Título Inmigración en tiempos de crisis
Resto del título : dinámicas de movilidad emergentes y nuevos impactos sociales
Mención de responsabilidad, etc. Ana López Sala, Laura Oso
504 ## - NOTA DE BIBLIOGRAFÍA, ETC.
Nota de bibliografía, etc. Bibliografía: p. 23-27
650 #4 - ASIENTO SECUNDARIO DE MATERIA--TÉRMINO DE MATERIA
9 (RLIN) 28635
Término de materia o nombre geográfico como elemento inicial migración
650 #4 - ASIENTO SECUNDARIO DE MATERIA--TÉRMINO DE MATERIA
9 (RLIN) 28634
Término de materia o nombre geográfico como elemento inicial migrante
650 #4 - ASIENTO SECUNDARIO DE MATERIA--TÉRMINO DE MATERIA
9 (RLIN) 27297
Término de materia o nombre geográfico como elemento inicial movilidad social
650 #4 - ASIENTO SECUNDARIO DE MATERIA--TÉRMINO DE MATERIA
9 (RLIN) 28354
Término de materia o nombre geográfico como elemento inicial movilidad de la mano de obra
650 #4 - ASIENTO SECUNDARIO DE MATERIA--TÉRMINO DE MATERIA
9 (RLIN) 27102
Término de materia o nombre geográfico como elemento inicial crisis económica
650 #4 - ASIENTO SECUNDARIO DE MATERIA--TÉRMINO DE MATERIA
9 (RLIN) 26964
Término de materia o nombre geográfico como elemento inicial España
653 10 - TÉRMINO DE INDEXACIÓN--NO CONTROLADO
Término no controlado Ciencias Sociales-Políticas
700 1# - ENCABEZAMIENTO SECUNDARIO--NOMBRE PERSONAL
9 (RLIN) 20114
Nombre de persona Oso, Laura
773 0# - ENTRADA DE DOCUMENTO FUENTE
Itemnumber del ítem fuente 83265
Lugar, editor y fecha de publicación Madrid Instituto Universitario de estudios sobre migraciones
Otro identificador del documento 086167
Título Migraciones
Número de control del registro relacionado (ES-MaCES)25925
Parte(s) relacionada(s) n. 37 (jun. 2015) {55/963 R. 086167} ;p. 9-27
902 ## - CES. TIPO DE DOCUMENTO
Tipodoc (006$c Sirtex) ART Artículo de revista
942 ## - ELEMENTOS KOHA
Fuente de clasificaión o esquema Clasificación propia del CES
Koha [por defecto] tipo de item Artículos (1982-2017)
Parte de clasificación Ciencias Sociales Politicas Empresariale

No hay ítems disponibles.

© CES, Consejo Económico y Social de España 2021